|
|
|
|
| LEADER |
02161nam a2200553 a 4500 |
| 001 |
nkc20132439371 |
| 003 |
CZ PrNK |
| 005 |
20130709120251.0 |
| 007 |
ta |
| 008 |
130131s2012 xr a f 001 0 cze |
| 015 |
|
|
|a cnb002439371
|
| 020 |
|
|
|a 978-80-7248-804-9
|q (brož.)
|
| 035 |
|
|
|a (OCoLC)852382213
|
| 040 |
|
|
|a BOA001
|b cze
|
| 041 |
0 |
|
|a cze
|a slo
|b eng
|
| 043 |
|
|
|a e-xr---
|a e-pl---
|a e-xo---
|
| 072 |
|
7 |
|a 347.7
|x Obchodní právo. Finanční právo. Právo průmyslového vlastnictví. Patentové právo. Autorské právo
|2 Konspekt
|9 16
|
| 080 |
|
|
|a 347.72
|2 MRF
|
| 080 |
|
|
|a 658.114
|2 MRF
|
| 080 |
|
|
|a 34
|2 MRF
|
| 080 |
|
|
|a (437.3)
|2 MRF
|
| 080 |
|
|
|a (438)
|2 MRF
|
| 080 |
|
|
|a (437.6)
|2 MRF
|
| 080 |
|
|
|a (048.8:082)
|2 MRF
|
| 100 |
1 |
|
|a Sciskalová, Marie
|7 mzk2003165635
|4 aut
|
| 245 |
1 |
0 |
|a Právní aspekty podnikání /
|c Sciskalová a kolektiv autorů
|
| 260 |
|
|
|a Karviná :
|b Slezská univerzita v Opavě, Obchodně podnikatelská fakulta v Karviné,
|c 2012
|
| 300 |
|
|
|a 123 s. :
|b il. ;
|c 25 cm
|
| 490 |
1 |
|
|a Studia oeconomica : vědecké monografie Slezské univerzity v Opavě, Obchodně podnikatelské fakulty v Karviné
|
| 500 |
|
|
|a 50 výt.
|
| 504 |
|
|
|a Obsahuje bibliografie, bibliografické odkazy a rejstřík
|
| 521 |
8 |
|
|a Určeno odborné veřejnosti
|
| 546 |
|
|
|a Část. slovenský text, anglické resumé
|
| 650 |
0 |
7 |
|a podnikání
|7 ph115766
|z Česko
|2 czenas
|
| 650 |
0 |
7 |
|a podnikání
|7 ph115766
|z Polsko
|2 czenas
|
| 650 |
0 |
7 |
|a podnikání
|7 ph115766
|z Slovensko
|2 czenas
|
| 650 |
0 |
7 |
|a podnikání
|7 ph115766
|x právní aspekty
|2 czenas
|
| 650 |
0 |
9 |
|a business
|z Czechia
|2 eczenas
|
| 650 |
0 |
9 |
|a business
|z Poland
|2 eczenas
|
| 650 |
0 |
9 |
|a business
|z Slovakia
|2 eczenas
|
| 650 |
0 |
9 |
|a business
|x legal aspects
|2 eczenas
|
| 655 |
|
7 |
|a kolektivní monografie
|7 fd501537
|2 czenas
|
| 655 |
|
9 |
|a collective monographs
|2 eczenas
|
| 810 |
2 |
|
|a Slezská univerzita.
|b Obchodně podnikatelská fakulta.
|t Studia oeconomica
|0 s
|
| 910 |
2 |
|
|a BOA001
|b 2-1305.816
|
| 990 |
|
|
|a BK
|
| 995 |
|
|
|a 01
|
| 991 |
|
|
|b 201306
|c NOV
|e n
|
| 996 |
6 |
|
|b 2610552988
|c 2-1305.816
|l MZK
|r Sklad / do 1 hodiny
|n 2
|p p.v.
|w 001336287
|u 000010
|a 1
|e BOA001
|j MZK50
|s P
|